| 000 | 01034nam a22002177a 4500 | ||
|---|---|---|---|
| 003 | OSt | ||
| 005 | 20241029102658.0 | ||
| 008 | 230915b ||||| |||| 00| 0 eng d | ||
| 040 | _cSSBUL | ||
| 082 |
_223 _a၂၉၄.၃၄၄၃ မိုး _b၁၃၁၆၂ S-SAT |
||
| 100 | 0 | _aမိုးကုတ်ဆရာတော်ဘုရားကြီး။ | |
| 100 | _930632 | ||
| 245 | 1 | 0 |
_aဒါနခန်းတရားတော် / _bမိုးကုတ်ဆရာတော်ဘုရားကြီး။ |
| 250 | _aဒုတိယအကြိမ်။ | ||
| 260 |
_aရန်ကုန် ၊ _bမိုးကုတ်ဝိပဿနာတရားစဥ်နှင့် လုပ်ငန်းစဥ်ပြန်ပွားရေးအဖွဲ့၊ _c၁၉၈၅။ |
||
| 300 |
_a၁၀၄ စာမျက်နှာ ၊ _c၁၈ စင်တီ။ |
||
| 500 | _aS-SAT: Dr. Sai Aung Tun | ||
| 650 |
_aဗုဒ္ဓဘာသာ _vတရားတော် _97249 |
||
| 650 | _97249 | ||
| 942 |
_cBK1 _2ddc |
||
| 999 |
_c40995 _d40995 |
||